Seo master : Bí quyết đưa website lên trang 1 google
Giới thiệu những bí quyết thành công trong quản lý điều hành của tác giả khi bán hàng qua mạng bao gồm: tiếp thị tìm kiếm, nghiên cứu và lựa chọn từ khoá, tối ưu hoá website, tối ưu hoá trang web, tối ưu hoá bên ngoài website, đo lường, đánh...
Gespeichert in:
| 1. Verfasser: | |
|---|---|
| Format: | Buch |
| Sprache: | Vietnamese |
| Veröffentlicht: |
H.
Lao động ; Công ty Sách Thái Hà
2020
|
| Ausgabe: | Tái bản lần 2, có sửa chữa và bổ sung |
| Schlagworte: | |
| Tags: |
Tag hinzufügen
Keine Tags, Fügen Sie den ersten Tag hinzu!
|
| Thư viện lưu trữ: | Thư viện Trường Đại học Nam Cần Thơ |
|---|
| LEADER | 01428nam a22002177a 4500 | ||
|---|---|---|---|
| 001 | NCT_102742 | ||
| 008 | 220317b xxu||||| |||| 00| 0 vie d | ||
| 999 | |c 5170 |d 5170 | ||
| 020 | |a 9786049917929 |c 299000 | ||
| 082 | 0 | 4 | |2 23rd ed. |a 658.872 |b Th460 |
| 100 | 1 | |a Nguyễn Trọng Thơ | |
| 245 | 1 | 0 | |a Seo master : |b Bí quyết đưa website lên trang 1 google |c Nguyễn Trọng Thơ |
| 250 | |a Tái bản lần 2, có sửa chữa và bổ sung | ||
| 260 | |a H. |b Lao động ; Công ty Sách Thái Hà |c 2020 | ||
| 300 | |a 275 tr. |b Minh họa |c 2020 | ||
| 520 | 3 | |a Giới thiệu những bí quyết thành công trong quản lý điều hành của tác giả khi bán hàng qua mạng bao gồm: tiếp thị tìm kiếm, nghiên cứu và lựa chọn từ khoá, tối ưu hoá website, tối ưu hoá trang web, tối ưu hoá bên ngoài website, đo lường, đánh giá hiệu quả chiến dịch SEO... | |
| 653 | |a Công nghệ thông tin | ||
| 942 | |2 ddc |c BK | ||
| 952 | |0 0 |1 0 |2 ddc |4 0 |6 658_872000000000000_TH460 |7 0 |9 22601 |a 000001 |b 000001 |d 2022-03-17 |o 658.872 Th460 |p MD.19292 |r 2022-03-17 |v 299000.00 |w 2022-03-17 |y BK | ||
| 952 | |0 0 |1 0 |2 ddc |4 0 |6 658_872000000000000_TH460 |7 0 |9 22602 |a 000001 |b 000001 |d 2022-03-17 |o 658.872 Th460 |p MD.19293 |r 2022-03-17 |v 299000.00 |w 2022-03-17 |y BK | ||
| 980 | |a Thư viện Trường Đại học Nam Cần Thơ | ||


